Truyện cổ dân gian sưu tầm ở Hưng Yên
v.v...
Đã lưu trong:
| Định dạng: | Sách |
|---|---|
| Năm xuất bản: |
H.
Đại học Quốc gia
2010
|
| Chủ đề: | |
| Tags: |
Thêm thẻ
Không có thẻ, Hãy là người đầu tiên gắn thẻ bản ghi này!
|
| LEADER | 00654nam a2200181 4500 | ||
|---|---|---|---|
| 082 | |a 398.20959733 |b TR527c. | ||
| 100 | |a | ||
| 245 | |a Truyện cổ dân gian sưu tầm ở Hưng Yên |c Vũ Tiến Kỳ sưu tầm | ||
| 260 | |a H. |b Đại học Quốc gia |c 2010 | ||
| 300 | |a 657 tr. |c 21 cm. | ||
| 520 | |a v.v... | ||
| 653 | |a Văn học dân gian | ||
| 653 | |a Truyện cổ tích | ||
| 653 | |a Hưng Yên | ||
| 653 | |a Việt Nam | ||
| 942 | |2 ddc |c SH | ||
| 999 | |c 8001 |d 8001 | ||
| 952 | |0 0 |1 0 |2 ddc |4 0 |6 398_209597330000000_TR527C |7 0 |8 300 |9 69056 |a qbu |b qbu |c D2 |d 2015-03-31 |g 80000 |o 398.20959733 TR527c. |p 8026.c1 |r 0000-00-00 |w 2015-03-31 |y SH |0 0 |6 398_209597330000000_TR527C | ||